মুক্তিযুদ্ধের বীরত্বগাথা / (Record no. 13512)
[ view plain ]
| 000 -LEADER | |
|---|---|
| fixed length control field | 00787nam a22002177a 4500 |
| 001 - CONTROL NUMBER | |
| JCCL Control Number | 13512 |
| 003 - CONTROL NUMBER IDENTIFIER | |
| JCCL marc code | BD-JhCC |
| 005 - DATE AND TIME OF LATEST TRANSACTION | |
| control field | 20231106075225.0 |
| 008 - FIXED-LENGTH DATA ELEMENTS--GENERAL INFORMATION | |
| fixed length control field | 210316s20182021bg |||| ||a| 000 0 ben d |
| 020 ## - INTERNATIONAL STANDARD BOOK NUMBER | |
| International Standard Book Number | 9789849520962 |
| 035 ## - SYSTEM CONTROL NUMBER | |
| system control number | (BD-JhCC)13512 |
| 040 ## - CATALOGING SOURCE | |
| Original cataloging agency | BD-JhCC |
| Modifying agency | BD-JhCC |
| 041 ## - LANGUAGE CODE | |
| Language code of Book | ben |
| 082 ## - DEWEY DECIMAL CLASSIFICATION NUMBER | |
| Classification number | 954.92051092 |
| Author mark and Year | AHM 2021 |
| 100 ## - MAIN ENTRY--PERSONAL NAME | |
| Personal name | আহমদ, মাহবুব উদ্দিন |
| 245 ## - TITLE STATEMENT | |
| Title | মুক্তিযুদ্ধের বীরত্বগাথা / |
| Statement of responsibility, etc | মাহবুব উদ্দিন আহমদ |
| 260 ## - PUBLICATION, DISTRIBUTION, ETC. (IMPRINT) | |
| Place of publication, distribution, etc | ঢাকা : |
| Name of publisher, distributor, etc | মাওলা ব্রাদার্স, |
| Date of publication, distribution, etc | ২০২১. |
| 300 ## - PHYSICAL DESCRIPTION | |
| Pagination | ১৯২ পৃ. : |
| Dimensions | ২১ সেমি. |
| 650 ## - SUBJECT ADDED ENTRY--TOPICAL TERM | |
| Topical term or geographic name as entry element | Personal narratives |
| Form subdivision | History |
| General subdivision | Revolution |
| Chronological subdivision | 1971 |
| Geographic subdivision | Bangladesh |
| 942 ## - ADDED ENTRY ELEMENTS (KOHA) | |
| Source of classification or shelving scheme | Dewey Decimal Classification |
| Koha item type | Books |
| Source of classification or shelving scheme | Damaged status | Not for loan | Home library | Current library | Shelving location | Date of accession | Source of acquisition | Cost, normal purchase price | Total Checkouts | Full call number | Barcode | Date last seen | Copy number | Method of acquisition | Koha item type | Currency |
|---|---|---|---|---|---|---|---|---|---|---|---|---|---|---|---|---|
| Dewey Decimal Classification | JCC Rouf Library | JCC Rouf Library | General Stacks | Md. Kamaluzzaman Kamal, Freedom Fighter | 350.00 | 954.92051092 AHM 2021 | 18619 | 11/06/2023 | C-1 | Gift/Donation | Books | BDT | ||||
| Dewey Decimal Classification | JCC Rouf Library | JCC Rouf Library | General Stacks | Md. Kamaluzzaman Kamal, Freedom Fighter | 350.00 | 954.92051092 AHM 2021 | 18620 | 11/06/2023 | C-2 | Gift/Donation | Books | BDT | ||||
| Dewey Decimal Classification | JCC Rouf Library | JCC Rouf Library | General Stacks | Md. Kamaluzzaman Kamal, Freedom Fighter | 350.00 | 954.92051092 AHM 2021 | 18618 | 11/06/2023 | C-3 | Gift/Donation | Books | BDT |